Our Quaid : (Record no. 354585)

000 -LEADER
fixed length control field 01439cam a2200349 i 4500
001 - CONTROL NUMBER
control field 18262022
003 - CONTROL NUMBER IDENTIFIER
control field Nust- CAS-E
005 - DATE AND TIME OF LATEST TRANSACTION
control field 20180118164228.0
008 - FIXED-LENGTH DATA ELEMENTS--GENERAL INFORMATION
fixed length control field 140811s2013 pk 000 0 eng
010 ## - LIBRARY OF CONGRESS CONTROL NUMBER
LC control number 2014323739
020 ## - INTERNATIONAL STANDARD BOOK NUMBER
International Standard Book Number 9789698535186
025 ## - OVERSEAS ACQUISITION NUMBER
Overseas acquisition number P-E-2014323739; 31
037 ## - SOURCE OF ACQUISITION
Source of stock number/acquisition Library of Congress -- Islamabad Overseas Office
Terms of availability Rs 400
040 ## - CATALOGING SOURCE
Original cataloging agency DLC
Language of cataloging eng
Transcribing agency DLC
Description conventions rda
042 ## - AUTHENTICATION CODE
Authentication code lcode
-- pcc
043 ## - GEOGRAPHIC AREA CODE
Geographic area code a-pk---
050 00 - LIBRARY OF CONGRESS CALL NUMBER
Classification number DS385.J5
Item number B43 2014
082 ## - DEWEY DECIMAL CLASSIFICATION NUMBER
Classification number DS385.J5
Author Mark BAZ 2014
100 1# - MAIN ENTRY--PERSONAL NAME
Personal name Bazmi, Aslam,
Relator term author.
245 10 - TITLE STATEMENT
Title Our Quaid :
Remainder of title as resmembered and reported /
Statement of responsibility, etc. Aslam Bazmi.
246 13 - VARYING FORM OF TITLE
Title proper/short title Our leader Mohammad Ali Jinnah
260 ## - PUBLICATION, DISTRIBUTION, ETC.
Name of publisher, distributor, etc. NUST publishing
Date of publication, distribution, etc. 2014
300 ## - PHYSICAL DESCRIPTION
Extent xiv, 166 pages ;
Dimensions 23 cm
502 ## - DISSERTATION NOTE
Dissertation note 0
600 10 - SUBJECT ADDED ENTRY--PERSONAL NAME
Personal name Jinnah, Mahomed Ali,
Dates associated with a name 1876-1948.
710 2# - ADDED ENTRY--CORPORATE NAME
Corporate name or jurisdiction name as entry element National University of Sciences and Technology (Islāmābād, Pakistan)
906 ## - LOCAL DATA ELEMENT F, LDF (RLIN)
a 7
b cbc
c origode
d 3
e ncip
f 20
g y-gencatlg
942 ## - ADDED ENTRY ELEMENTS (KOHA)
Source of classification or shelving scheme
Koha item type Book
Holdings
Withdrawn status Lost status Source of classification or shelving scheme Damaged status Not for loan Permanent Location Current Location Date acquired Total Checkouts Barcode Date last seen Price effective from Koha item type
          School of Civil and Environmental Engineering (SCEE) School of Civil and Environmental Engineering (SCEE) 11/27/2019   NIT-12494 11/27/2019 11/27/2019 Book
          School of Civil and Environmental Engineering (SCEE) School of Civil and Environmental Engineering (SCEE) 11/27/2019   NIT-12495 11/27/2019 11/27/2019 Book
© 2023 Central Library, National University of Sciences and Technology. All Rights Reserved.